000 00413nam a2200157Ia 4500
008 230711s9999||||xx |||||||||||||| ||und||
041 _aENG
082 _a720
_bKO-M
100 _aKoenigsberger O.H
245 0 _aManual of tropical housing and building Pt I climating design
250 _a1st . Ed.
260 _c1975
_aHydrabad
_bOrient Longman Pvt.Ltd
300 _a320
650 _aArchitecture
942 _cBK
999 _c1572
_d1572